<?xml version="1.0" encoding="UTF-8"?>
<collection xmlns="http://www.loc.gov/MARC21/slim">
    <record>
        <controlfield tag="001">64971</controlfield>
        <controlfield tag="005">20180207125402.0</controlfield>
        <datafield tag="037" ind1=" " ind2=" ">
            <subfield code="a">TAZ-TFM-2017-1005</subfield>
        </datafield>
        <datafield tag="041" ind1=" " ind2=" ">
            <subfield code="a">spa</subfield>
        </datafield>
        <datafield tag="100" ind1="1" ind2=" ">
            <subfield code="a">Núñez Galindo, Amanda</subfield>
        </datafield>
        <datafield tag="242" ind1="0" ind2="0">
            <subfield code="a">Feminine sodomy in the Hispanic Monarchy of the XVIth and XVIIth centuries</subfield>
        </datafield>
        <datafield tag="245" ind1="0" ind2="0">
            <subfield code="a">La sodomía femenina en la Monarquía Hispánica de los siglos XVI y XVII</subfield>
        </datafield>
        <datafield tag="260" ind1=" " ind2=" ">
            <subfield code="a">Zaragoza</subfield>
            <subfield code="b">Universidad de Zaragoza</subfield>
            <subfield code="c">2017</subfield>
        </datafield>
        <datafield tag="500" ind1=" " ind2=" ">
            <subfield code="a">Resumen disponibles también en inglés</subfield>
        </datafield>
        <datafield tag="506" ind1=" " ind2=" ">
            <subfield code="a">by-nc-sa</subfield>
            <subfield code="b">Creative Commons</subfield>
            <subfield code="c">3.0</subfield>
            <subfield code="u">http://creativecommons.org/licenses/by-nc-sa/3.0/</subfield>
        </datafield>
        <datafield tag="520" ind1=" " ind2=" ">
            <subfield code="a">Resumen El presente trabajo analiza la sodomía femenina en la España de los siglos XVI y XVII con el propósito de conocer su existencia y desarrollo en la sociedad moderna a niveles teórico y práctico, del mismo modo que visibilizar un aspecto interseccional de la historia de las mujeres y la historia de la sexualidad que en la investigación histórica sigue siendo incipiente. En el Antiguo Régimen hispánico, las mujeres que mantenían relaciones sexuales con otras se encontraban expuestas a multitud de riesgos, desde la violencia cotidiana ejercida por los varones de su familia a las diversas condenas impuestas por las distintas autoridades. A partir de una investigación académica de fuentes primarias y secundarias, este estudio trata la preocupación y la obsesión generadas en la documentación de la Monarquía Hispánica en torno al delito de sodomía femenina. La divergencia respecto al modelo heteropatriarcal, la disconformidad con los preceptos religiosos y las leyes civiles, las estrategias utilizadas por acusadas y acusadores para conseguir una sentencia favorable a sus propósitos, son aspectos examinados con el fin de señalar los condicionantes de la persecución, así como los elementos que resultaban atenuantes o agravantes para los castigos dictaminados en los juicios. Los resultados reflejan una remarcable influencia del patriarcado y del pensamiento legislativo-médico-religioso en la configuración del delito-pecado de sodomia foeminarum en la Modernidad española.  Palabras clave: Historia de las mujeres, sodomía femenina, sexualidad, violencia, Edad Moderna, Monarquía Hispánica.  Abstract This work analyses feminine sodomy in the XVIth and XVIIth centuries’ Spain with the purpose of knowing its existence and development in the early modern society theoretically and practically. In the same way, it tries to give visibility to an intersection between women’s history and history of sexuality, which is still emerging in historical research. In Hispanic Ancien Régime, women who had sex with another women were exposed to dozens of dangers, fron the daily violence of their family’s men to diverse sentences imposed by different authorities. Based on a documentation and bibliographical academic research, this study adresses the worry and obsession produced by the crime of feminine sodomy in the Hispanic Monarchy’s manuscripts. The divergence regarding heteropatriarchal model, the disconformity with religious precepts and civil laws, the strategies used by the accused and prosecutors to obtain a favourable sentence for their intentions, are aspects analysed with the aim of pointing out the determinants of prosecution, as well as the elements which were mitigating or aggravating circumstances for sanctions in trials. The results reflect a remarkable influence of patriarchy and legislative medical religious thoughts on the shaping of femenine sodomy crime and sin in Spanish Early Modern Age.  Keywords: Women’s history, feminine sodomy, sexuality, violence, Early Modern Age, Hispanic Monarchy.</subfield>
        </datafield>
        <datafield tag="521" ind1=" " ind2=" ">
            <subfield code="a">Máster Universitario en Investigación y Estudios Avanzados en Historia</subfield>
        </datafield>
        <datafield tag="540" ind1=" " ind2=" ">
            <subfield code="a">Derechos regulados por licencia Creative Commons</subfield>
        </datafield>
        <datafield tag="700" ind1=" " ind2=" ">
            <subfield code="a">Morte Acín, Ana</subfield>
            <subfield code="e">dir.</subfield>
        </datafield>
        <datafield tag="710" ind1="2" ind2=" ">
            <subfield code="a">Universidad de Zaragoza</subfield>
            <subfield code="b">Historia Moderna y Contemporánea</subfield>
            <subfield code="c">Historia Moderna</subfield>
        </datafield>
        <datafield tag="856" ind1="0" ind2=" ">
            <subfield code="f">673729@celes.unizar.es</subfield>
        </datafield>
        <datafield tag="856" ind1="4" ind2=" ">
            <subfield code="s">9496492</subfield>
            <subfield code="u">http://zaguan.unizar.es/record/64971/files/TAZ-TFM-2017-1005.pdf</subfield>
            <subfield code="y">Memoria (spa)</subfield>
        </datafield>
        <datafield tag="856" ind1="4" ind2=" ">
            <subfield code="s">9496492</subfield>
            <subfield code="u">http://zaguan.unizar.es/record/64971/files/TAZ-TFM-2017-1005_ANE.pdf</subfield>
            <subfield code="y">Anexos (spa)</subfield>
        </datafield>
        <datafield tag="909" ind1="C" ind2="O">
            <subfield code="o">oai:zaguan.unizar.es:64971</subfield>
            <subfield code="p">driver</subfield>
            <subfield code="p">trabajos-fin-grado</subfield>
        </datafield>
        <datafield tag="950" ind1=" " ind2=" ">
            <subfield code="a"></subfield>
        </datafield>
        <datafield tag="951" ind1=" " ind2=" ">
            <subfield code="a">deposita:2018-02-07</subfield>
        </datafield>
        <datafield tag="980" ind1=" " ind2=" ">
            <subfield code="a">TAZ</subfield>
            <subfield code="b">TFG</subfield>
            <subfield code="c">FFYL</subfield>
        </datafield>
    </record>

    
</collection>